Nietzsche et le prophétisme (notice n° 1648624)

détails MARC
000 -LEADER
fixed length control field 01677cam a2200169 4500500
005 - DATE AND TIME OF LATEST TRANSACTION
control field 20260208003719.0
041 ## - LANGUAGE CODE
Language code of text/sound track or separate title fre
042 ## - AUTHENTICATION CODE
Authentication code dc
100 10 - MAIN ENTRY--PERSONAL NAME
Personal name de Launay, Marc
Relator term author
245 00 - TITLE STATEMENT
Title Nietzsche et le prophétisme
260 ## - PUBLICATION, DISTRIBUTION, ETC.
Date of publication, distribution, etc. 2005.<br/>
500 ## - GENERAL NOTE
General note 10
520 ## - SUMMARY, ETC.
Summary, etc. Par bien des aspects, Nietzsche peut être considéré comme un philosophe prophétique, même s’il n’emploie lui-même pour se caractériser que la formule « poète-prophète ». Mais, au regard de la conséquence nécessaire de sa conception de la volonté de puissance – à savoir, la doctrine de l’éternel retour –, il devient difficile de maintenir un statut de prophétisme réel dans la mesure où Nietzsche, avec cette doctrine, entend saisir l’unique dynamique possible de l’histoire comme succession de conversions de valeurs, et sauver tout le passé devenu tout aussi nécessaire que l’avenir est prévisible.
520 ## - SUMMARY, ETC.
Summary, etc. In good many aspects, Nietzsche could be considered as a prophetic philosopher, even if he uses for characterizing himself only « poet-prophet » formula. But in view of the necessary consequences of his will to power conception, i. e. the eternal return doctrine, a status of real prophetism could be hardly maintained insofar as Nietzsche, with this doctrine, means to understand the only possible dynamics of history as a succession of transvaluations, and to save all the past, turned as necessary as the future is forseable.
786 0# - DATA SOURCE ENTRY
Note Les Études philosophiques | 73 | 2 | 2005-06-01 | p. 183-192 | 0014-2166
856 41 - ELECTRONIC LOCATION AND ACCESS
Uniform Resource Identifier <a href="https://shs.cairn.info/revue-les-etudes-philosophiques-2005-2-page-183?lang=fr&redirect-ssocas=7080">https://shs.cairn.info/revue-les-etudes-philosophiques-2005-2-page-183?lang=fr&redirect-ssocas=7080</a>

Pas d'exemplaire disponible.

PLUDOC

PLUDOC est la plateforme unique et centralisée de gestion des bibliothèques physiques et numériques de Guinée administré par le CEDUST. Elle est la plus grande base de données de ressources documentaires pour les Étudiants, Enseignants chercheurs et Chercheurs de Guinée.

Adresse

627 919 101/664 919 101

25 boulevard du commerce
Kaloum, Conakry, Guinée

Réseaux sociaux

Powered by Netsen Group @ 2025